| 000 | 02218nam0a2200397 4500 | ||
|---|---|---|---|
| 001 | RU\NLR\bibl\735605 | ||
| 005 | 20250614001326.0 | ||
| 010 |
_a5-218-01042-1 _910000 |
||
| 021 |
_aRU _b2004-57082 _92810 |
||
| 035 | _aRSL-KNO-002478689 | ||
| 035 | _a(NLR Aleph) 000725529 | ||
| 090 |
_a729839 _c729839 |
||
| 100 | _a20040921d2004 |||y0rusy50 ca | ||
| 101 | 0 | _arus | |
| 102 | _aRU | ||
| 105 | _aa ||||||||| | ||
| 106 | _ar | ||
| 200 | 1 |
_aГрузовые мотороллеры Муравей _eрук. по эксплуатации и мел. ремонту, круп. ремонт, регулировка и наладка, контрол. размеры и спец. инструменты _f[Д. Евсеев] |
|
| 210 |
_aМ. _cРусьАвтокнига _d2004 _gГУП ИПК Московская правда |
||
| 215 |
_a110 с. _cил. _d21 |
||
| 225 | 1 | _aСерия "Рокер" | |
| 606 | 0 |
_aМотороллеры грузовые "Муравей" _jРуководства, пособия и т.п. _xЭксплуатация _92368931 _3RU\NLR\auth\661414083 |
|
| 606 | 0 |
_a"Муравей", грузовые мотороллеры _jРуководства, пособия и т.п. _xЭксплуатация _92368930 _3RU\NLR\auth\661414082 |
|
| 606 | 0 |
_aМотороллеры грузовые "Муравей" _jРуководства, пособия и т.п. _xРемонт _92294123 _3RU\NLR\auth\661373789 |
|
| 606 | 0 |
_a"Муравей", грузовые мотороллеры _jРуководства, пособия и т.п. _xРемонт _92294128 _3RU\NLR\auth\661373792 |
|
| 610 | 0 | _aТранспорт -- Автодорожный транспорт -- Мотороллеры -- Техническая эксплуатация и ремонт -- Инструктивные издания | |
| 686 |
_aО362-08я82 _2rubbk |
||
| 686 | _aО362-08я7 | ||
| 702 | 1 |
_4220 _aЕвсеев _bД. Г. _cд-р техн. наук _f1938- _gДмитрий Геннадьевич _9197047 _3RU\NLR\AUTH\770197098 |
|
| 801 | 0 |
_aRU _bRuMoRKP _c20040921 _grcr |
|
| 801 | 1 |
_aRU _bRuMoRGB _c20040921 |
|
| 801 | 2 |
_aRU _bNLR _c20050316 _gPSBO |
|
| 942 | _cBOOK | ||
| 980 | _aNB | ||